Sikeres marketing és kommunikációs stratégia a hazai autókereskedelemben - a szolnoki Tóth Autókereskedés jó gyakorlata

Bibliographic Details
Main Author: Galó Áron Ferenc
Other Authors: Merliot-Almássy Dr. Eszter
Format: Thesis
Kulcsszavak:autóértékesítés
autóipar
autókereskedelem
interjúk
magyar autópiac
Online Access:http://dolgozattar.uni-bge.hu/60016

MARC

LEADER 00000nta a2200000 i 4500
001 dolg60016
005 20260409145857.0
008 260409suuuu hu om 000 hun d
040 |a BGE Dolgozattár Repozitórium  |b hun 
041 |a hu 
100 1 |a Galó Áron Ferenc 
245 1 0 |a Sikeres marketing és kommunikációs stratégia a hazai autókereskedelemben - a szolnoki Tóth Autókereskedés jó gyakorlata  |c Galó Áron Ferenc  |h [elektronikus dokumentum] 
520 3 |a A dolgozat célja annak bemutatása, hogy a hazai autókereskedelmi szektorban milyen marketing- és kommunikációs stratégiák járulhatnak hozzá egy vállalkozás hosszú távú sikeréhez, különös tekintettel a szolnoki Tóth Autókereskedés esettanulmányára. A kutatás központi kérdése, hogy miként képes egy vidéki márkakereskedés versenyezni a nemzetközi szinten is jelentős piaci szereplőkkel, valamint hogyan alakítható ki olyan ügyfélközpontú stratégia, amely alkalmazkodik a gyorsan változó technológiai és gazdasági környezethez. A dolgozat első része bemutatja az autókereskedelem globális és hazai trendjeit, különös figyelemmel az elektromobilitás, az autonóm technológiák, valamint a digitalizáció térnyerésére. Az iparági átalakulás egyik fő mozgatórugója a fogyasztói magatartás változása: a márkahűség egyre inkább átadja helyét a kereskedői hűségnek, ami megerősíti a helyi szereplők jelentőségét. A kutatás különösen fontos megállapítása, hogy a fogyasztók döntéshozatala egyre inkább az online térben történik, így az ott folytatott kommunikáció és jelenlét kulcsfontosságúvá vált. A dolgozat második felében mélyinterjúkra és gyakorlati megfigyelésekre támaszkodva kerül bemutatásra a Tóth Autókereskedés marketingtevékenysége. A vállalkozás példamutató alkalmazása a klasszikus 4P és 7P marketingmixnek, valamint digitális eszközhasználata (SEO, Google Ads, social media, CRM-rendszerek) lehetővé teszi számára, hogy hatékonyan szólítsa meg célcsoportját. A Tóth Autó sikerének egyik kulcsa a folyamatos piaci alkalmazkodás, az árérzékeny hazai vásárlók számára kialakított finanszírozási konstrukciók, valamint a vevői élmény fókuszba helyezése. Kiemelt figyelmet kap a marketing, az ügyfélkapcsolatok személyre szabása és a közösségi jelenlét erősítése, melyek együtt építik a kereskedés iránti lojalitást. A márkakereskedés stratégiája jól példázza, hogyan lehet a hagyományos kereskedelmi modelleket modern eszközökkel kiegészíteni, és a vásárlói élményt versenyelőnnyé alakítani. Összegzésként elmondható, hogy a Tóth Autókereskedés esete rávilágít arra, hogy a digitalizáció és a személyre szabott ügyfélélmény kombinációja, a helyi közösségekhez való szoros kapcsolódás és a stratégiai gondolkodás együttesen képesek fenntartható piaci növekedést biztosítani még egy kihívásokkal teli gazdasági környezetben is. 
695 |a autóértékesítés 
695 |a autóipar 
695 |a autókereskedelem 
695 |a interjúk 
695 |a magyar autópiac 
700 1 |a Merliot-Almássy Dr. Eszter  |e ths 
856 4 0 |u http://dolgozattar.uni-bge.hu/60016/1/Gal%C3%B3%20%C3%81ron%20szakdolgozat.pdf  |z Dokumentum-elérés 
856 4 0 |u http://dolgozattar.uni-bge.hu/60016/2/Gal%C3%B3%20%C3%81ron%20Ferenc%20b%C3%ADr%C3%A1lati%20lap.pdf  |z Dokumentum-elérés 
856 4 0 |u http://dolgozattar.uni-bge.hu/60016/3/BA%20KM%20magyar%20b%C3%ADr%C3%A1lati%20lap%20BELS%C5%90_Galo_Aron.pdf  |z Dokumentum-elérés